ბათუმის შოთა რუსთაველის სახელმწიფო უნივერსიტეტის ბიბლიოთეკა

Finance internationale et gestion des risques (ბიბ.ჩანაწერი № 64192)

000 -LEADER
fixed length control field 00702nam a22002057a 4500
005 - DATE AND TIME OF LATEST TRANSACTION
control field 20260430164736.0
008 - FIXED-LENGTH DATA ELEMENTS--GENERAL INFORMATION
fixed length control field 260430s2003 fr ||||| |||| 00| 0 fre d
020 ## - INTERNATIONAL STANDARD BOOK NUMBER
International Standard Book Number 9782717842739x
041 ## - LANGUAGE CODE
Language code of text/sound track or separate title fre
080 ## - UNIVERSAL DECIMAL CLASSIFICATION NUMBER
Universal Decimal Classification number 336.71 : 005.334 S-61
100 ## - MAIN ENTRY--PERSONAL NAME
Personal name Simon, Yves
9 (RLIN) 27400
245 ## - TITLE STATEMENT
Title Finance internationale et gestion des risques
Statement of responsibility, etc. Yves Simon, Delphine Lautier.
250 ## - EDITION STATEMENT
Edition statement French Edition
264 ## - PRODUCTION, PUBLICATION, DISTRIBUTION, MANUFACTURE, AND COPYRIGHT NOTICE
Place of production, publication, distribution, manufacture Paris,
Date of production, publication, distribution, manufacture, or copyright notice 2003.
300 ## - PHYSICAL DESCRIPTION
Extent 384 p.;
Other physical details 24 cm.
653 ## - INDEX TERM--UNCONTROLLED
keyword საერთაშორისო ფინანსები და რისკები
653 ## - INDEX TERM--UNCONTROLLED
keyword ეკონომიკა
700 ## - ADDED ENTRY--PERSONAL NAME
Personal name Lautier, Delphine
Relator term ავტორი
9 (RLIN) 27401
942 ## - ADDED ENTRY ELEMENTS (KOHA)
Source of classification or shelving scheme
Koha item type წიგნი
ეგზემპლარები
Withdrawn status Lost status Source of classification or shelving scheme Damaged status Not for loan Permanent Location Current Location Shelving location Date acquired Cost, normal purchase price Full call number Barcode Date last seen Copy number Price effective from Koha item type Public note
          ბათუმის შოთა რუსთაველის სახელმწიფო უნივერსიტეტის მთავარი ბიბლიოთეკა ბათუმის შოთა რუსთაველის სახელმწიფო უნივერსიტეტის მთავარი ბიბლიოთეკა წიგნსაცავი 2026-04-30 20.00 336.71 : 005.334 s-61 74442 2026-04-30 74442 2026-04-30 წიგნი 20 ლ.
          ბათუმის შოთა რუსთაველის სახელმწიფო უნივერსიტეტის მთავარი ბიბლიოთეკა ბათუმის შოთა რუსთაველის სახელმწიფო უნივერსიტეტის მთავარი ბიბლიოთეკა წიგნსაცავი 2026-04-30 20.00 336.71 : 005.334 s-61 74443 2026-04-30 74443 2026-04-30 წიგნი 20 ლ.